000 00763cam a22002533a 4500
001 6447
003 PGUSA
005 20140828083133.0
008 040901s2004||||xxu|||||s|||||000 | eng d
040 _aPGUSA
_beng
042 _adc
050 4 _aPR
100 1 _aShelley, Mary Wollstonecraft,
_d1797-1851
245 1 0 _aProserpine and Midas
_h[electronic resource] /
_cMary Wollstonecraft Shelley
260 _bProject Gutenberg,
_c2004
506 _aPublic domain in the USA.
516 _aElectronic text
653 _aMythology, Classical -- Drama
653 _aMidas (Legendary character) -- Drama
653 _aProserpina (Roman deity) -- Drama
830 0 _aProject Gutenberg
_v6447
856 4 0 _uhttp://www.gutenberg.org/ebooks/6447
942 _cEB
999 _c235770
_d235770